| 000 | 01401nam a2200301Ia 4500 | ||
|---|---|---|---|
| 001 | 1716 | ||
| 003 | OSt | ||
| 005 | 20260411124829.0 | ||
| 008 | 211022s9999 xx 000 0 und d | ||
| 010 | _a 282894567 | ||
| 020 | _a1850437467 | ||
| 020 | _a 9781850437468 | ||
| 040 | _cIVS | ||
| 082 |
_a709.598 SIM _223 _b1716 |
||
| 100 | _aSimon, Richard | ||
| 245 | 0 |
_aArt of Indonesia: _cby Richard Simon |
|
| 260 | _aLondon | ||
| 260 | _bTauris Parke books | ||
| 260 | _c1993 | ||
| 300 |
_a 239 pages : _b illustrations |
||
| 500 | _aIncludes index "From the collections of the National Museum of the Republic of Indonesia" | ||
| 501 | _a--Jacket cover. | ||
| 520 | _aThis is a collection of essays and illustrations that presents a selection of art treasures from Indonesia's prehistoric, classic, Islamic and colonial periods. The objets d'art featured include the most important elements of the collection of the National Museum of Indonesia. The artefacts have special significance as venerated objects which are handed down from generation to generation, and are known by the Indonesian word pusaka. Among the people of central Java, pusaka are invested with the power to protect, heal, avenge and even to confer the right to rule. | ||
| 650 |
_aIndonesian art _vPrehistory |
||
| 650 |
_aPerforming Arts _zSoutheast Asia |
||
| 650 |
_aclassical era _zIndonesia |
||
| 942 |
_cBK _2ddc _n0 |
||
| 999 |
_c1471 _d1471 |
||